| 000 | 00455nam a2200169Ia 4500 | ||
|---|---|---|---|
| 008 | 220216s9999 xx 000 0 und d | ||
| 100 | _aKaundal R K | ||
| 245 | 0 | _aAgricultural exports of India in the new economic environment | |
| 260 |
_bForeign Trade Review _c2006 |
||
| 300 | _aMar-34 | ||
| 650 | _aAgricultural exports | ||
| 650 | _aAgricultural sector | ||
| 650 | _aIndia | ||
| 650 | _aIndian economy | ||
| 700 | _aSharama Manoj | ||
| 942 | _cJS | ||
| 999 |
_c53955 _d53955 |
||